000
00248nam a2200097Ia 4500
001
642785
005
20250826153533.0
008
250824s9999 xx 000 0 und d
245
0
_a
4 Skandiya’yı Kurtarmak
_c
John Flanagan
260
_b
BEYAZ BALİNA
999
_c
642785
_d
642785